000 01199nam a2200289 i 4500
001 bg
100 1 _aZałęska-Radziwiłł, Monika.
245 _aBadania ekotoksykologiczne w procesie ekologicznej oceny ryzyka w środowisku wodnym =
_bEcotoxicological assays in the process of ecological risk assessment in water environment /
_cMonika Załęska-Radziwiłł.
260 _aWarszawa :
_bOficyna Wydawnicza Politechniki Warszawskiej,
_c2007.
300 _a196, [1] s. :
_bil. (w tym kolor.) ;
_c23 cm.
490 1 _aPrace Naukowe / Politechnika Warszawska. Inżynieria Środowiska,
_x1234-4338 ;
_vz. 52
500 _aTyt. nagł. serii : Prace Naukowe Politechniki Warszawskiej.
504 _aBibliogr. s. 142-195.
546 _aStreszcz. ang.
650 9 _aRyzyko ekotoksykologiczne
_zPolska
650 9 _aEkotoksykologia
650 9 _aWoda
_xzanieczyszczenie
_zPolska
650 9 _aWody powierzchniowe
830 0 _aPrace Naukowe - Politechnika Warszawska.
_pInżynieria Środowiska,
_x1234-4348
_vz. 52
022 _a12344338
040 _cBPK
041 0 _apol
_beng
044 _aPOL
080 _a504:615.9:574.5](438)
942 _cKS
008 s pl f |000 0 pol
999 _c55080
_d55080
856 _uhttp://koha.tu.koszalin.pl/cgi-bin/koha/opac-detail.pl?biblionumber=55080
_yKatalog online BPK